| 000 | 00522 a2200193 4500 | ||
|---|---|---|---|
| 001 | 139674 | ||
| 040 | _cLeonardo Da Vinci | ||
| 041 | _aPortuguês | ||
| 082 |
_a840 V624c _bV624c |
||
| 100 | _aVERNE, Júlio | ||
| 245 | _aCinco semanas num balão | ||
| 260 |
_bÁtica _c1998 _aSão Paulo |
||
| 300 | _a302 | ||
| 362 | _a19980000 | ||
| 490 | _v85-08-06764-X | ||
| 500 | _aGiselle Dupin e José Maria Cançado (Tradução); Cárcamo (Ilustração) | ||
| 697 |
_aLiteratura _aRomance _aAventura _aFrança |
||
| 942 | _cBK | ||
| 999 |
_c139674 _d139674 |
||